000 00464pam a2200157 a 4500
020 _a0824725387
_c
041 _aeng
082 _a615.1
_bLAM
100 _aLam, Y. W. Francis, .
245 _aHerbal Supplements- Drug Interactions: Scientific and Regulatory Perspectives Vol-162
_hTextual Documents
260 _aLondon
_bInforma Healthcare
_c2014
300 _a332.
653 _aPharmacology
700 _aHuang, Shiew. Mei.
_aHall, Stephen. D.
930 _a1033
999 _c74332
_d74332